| 000 | 00628cab a22001935a 4500 | ||
|---|---|---|---|
| 001 | L156750 | ||
| 008 | 120710s2012 xxk 000 0 eng d | ||
| 035 | _a(Sirsi) u156750 | ||
| 041 | 0 | _aeng | |
| 100 | 1 | _aCameron, Iain | |
| 245 | 0 | 0 | _aBIM, cost management, and integrated software solutions |
| 260 | _c2012 | ||
| 490 |
_aProject Control Professional _v50(4) July 2012, 11-14(4) |
||
| 520 | _aExplains what is meant by BIM and integrated software solutions; project management; implementation and critical success factors; applications. | ||
| 590 | _aKA | ||
| 651 | 4 | _aInternational | |
| 690 |
_aBIM _96219 |
||
| 942 | _n0 | ||
| 999 |
_c84139 _d84139 |
||